000
00280nam a22001217a 4500
008
170505b xxu||||| |||| 00| 0 eng d
041
_a
eng
080
_a
34
100
_a
14
101
_a
shj
245
_a
THE CONSTITUTIONAL AND SUPREME COURT
_c
FELLMAN.D
942
_2
udc
_c
BK
999
_c
12803
_d
12803